000 00318nam a22001337a 4500
008 171009b xxu||||| |||| 00| 0 eng d
020 _a9780262032247
041 _aeng
080 _a159.9
100 _a49
101 _aPSI
245 _aTHE ENGINE OF REASON, THE SEAT OF THE SOUL
_cCHURCHLAND,P,M
942 _2udc
_cBK
999 _c32668
_d32668